Decorating with paper and paint : a room-by-room guide to home decorating

Bibliographic Details
Main Author: Ashley, Laura
Format: Book
Published: New York : Crown Trade Paperback , 1995
Subjects:

MARC

LEADER 00000cam a2200000 7i4500
001 0000037374
005 20131001.0
008 131001
020 |a 0517882280 
090 0 0 |a 747.9   |b ASH 
100 1 |a Ashley, Laura 
245 1 0 |a Decorating with paper and paint :   |b a room-by-room guide to home decorating   |c Laura Ashley & Susan Berry 
260 |a New York :   |b Crown Trade Paperback ,   |c 1995 
650 0 |a House painting 
650 0 |a Interior decoration 
650 0 |a Paper work 
999 |a 0000794461   |b Book   |c REFERENCE   |e Cawangan Segamat 
999 |a 0001243389   |b Book   |c Adult Collection   |e Perbadanan Perpustakaan Awam Johor